Public confidence in the housing market continues to rise (Record no. 83949)

MARC details
000 -LEADER
fixed length control field 00828cad a22001935a 4500
001 - CONTROL NUMBER
control field L156097
008 - FIXED-LENGTH DATA ELEMENTS--GENERAL INFORMATION
fixed length control field 120430e20120425xxk 000 0 eng d
035 ## - SYSTEM CONTROL NUMBER
System control number (Sirsi) u156097
041 0# - LANGUAGE CODE
Language code of text/sound track or separate title eng
110 2# - MAIN ENTRY--CORPORATE NAME
Corporate name or jurisdiction name as entry element Halifax
9 (RLIN) 5942
245 00 - TITLE STATEMENT
Title Public confidence in the housing market continues to rise
Medium [electronic resource]
490 ## - SERIES STATEMENT
Series statement Halifax Press Release
Volume/sequential designation 25 April 2012
520 ## - SUMMARY, ETC.
Summary, etc. According to the Halifax Housing Market Confidence Tracker which monitors public sentiment in the UK housing market, public confidence in the outlook for the market continues to rise.
590 ## - LOCAL NOTE (RLIN)
Local note KA
651 #4 - SUBJECT ADDED ENTRY--GEOGRAPHIC NAME
Geographic name UNITED KINGDOM
690 ## - LOCAL SUBJECT ADDED ENTRY--TOPICAL TERM (OCLC, RLIN)
Topical term or geographic name as entry element Residential property
9 (RLIN) 6266
856 40 - ELECTRONIC LOCATION AND ACCESS
Uniform Resource Identifier <a href="https://www.lloydsbankinggroup.com/media/pdfs/halifax/2012/2504_Confidence.pdf">https://www.lloydsbankinggroup.com/media/pdfs/halifax/2012/2504_Confidence.pdf</a>
Public note View this item free of charge at www.lloydsbankinggroup.com
942 ## - ADDED ENTRY ELEMENTS (KOHA)
Suppress in OPAC 0
Holdings
Withdrawn status Lost status Source of classification or shelving scheme Damaged status Not for loan Home library Current library Shelving location Date acquired Total Checkouts Full call number Barcode Date last seen Copy number Price effective from Koha item type
    Dewey Decimal Classification     Virtual Virtual Online 30/04/2012   ONLINE PUBLICATION 156097-2001 06/08/2019 1 06/08/2019 Journal article